000 00342nam a2200145Ia 4500
008 191121s9999||||xx |||||||||||||| ||und||
040 _aIMU-MPC
082 _aColumn-5
100 _aAdmiralty
245 0 _aAdmiralty notices to nariners
250 _a40th Ed.
260 _bAdmiralty Charts and Publications
260 _c2007
942 _cBK
999 _c2120
_d2120